| 000 | 00892nam a2200265 a 4500 | ||
|---|---|---|---|
| 001 | 000033122 | ||
| 003 | DO-SdBNP | ||
| 005 | 20240301073829.0 | ||
| 007 | ta | ||
| 008 | 110817s2022 dr a 000 0 spa d | ||
| 020 | _a978-45181203 | ||
| 040 |
_aDO-SdBNP _bspa _cBNPHU |
||
| 049 | _aBNPD | ||
| 082 | 4 | _222 | |
| 100 | 1 |
_aSoto Jiménez, José Miguel, _d1956- _911668 |
|
| 245 | 1 | 3 |
_aEl doctor : _baproxinación a un personaje indescifrable / _cJosé Miguel Ángel Soto Jiménez ; prólogo Tony Raful Tejada |
| 260 |
_aSanto Domingo : _bImpresión Soto, _c2022. |
||
| 300 |
_a190 p. ; _c23 cm. |
||
| 500 | _aIncluye datos biográficos del autor en la solapa de la cubierta | ||
| 500 | _aIncluye referencias bibliográficas y notas al pie de las páginas | ||
| 590 | _aInventariado, 2022/BT | ||
| 700 | 1 |
_aRaful, Tony, _d1951- _epról. _91377 |
|
| 910 | _aBtavárez | ||
| 942 |
_2ddc _cLBS1 |
||
| 999 |
_c32613 _d32613 |
||